Tauromáquica / (Registro nro. 182829)

Detalles MARC
000 -LEADER
campo de control de longitud fija 00642nam a2200193 i 4500
001 - NÚMERO DE CONTROL
campo de control 182829
003 - IDENTIFICADOR DE NÚMERO DE CONTROL
campo de control ES-MaACL
005 - FECHA Y HORA DE LA ÚLTIMA TRANSACCIÓN
campo de control 20251003063158.0
008 - DATOS DE LONGITUD FIJA--INFORMACIÓN GENERAL
campo de control de longitud fija 131108s2012 sp |||| | spa d
080 ## - NÚMERO DE LA CLASIFICACIÓN DECIMAL UNIVERSAL
Número de la Clasificación Decimal Universal 821.134.2-14"19"
100 1# - ENTRADA PRINCIPAL--NOMBRE DE PERSONA
Nombre de persona García González, Eusebio,
Fechas asociadas al nombre 1927-
9 (RLIN) 153801
245 10 - MENCIÓN DEL TÍTULO
Título Tauromáquica /
Mención de responsabilidad, etc. Eusebio García González ; [ilustraciones Alejandro Romero Ribón].
250 ## - MENCION DE EDICION
Mención de edición [Edición domética del autor].
260 ## - PUBLICACIÓN, DISTRIBUCIÓN, ETC.
Lugar de publicación, distribución, etc. [Segovia] :
Nombre del editor, distribuidor, etc. El autor,
Fecha de publicación, distribución, etc. 2012.
300 ## - DESCRIPCIÓN FÍSICA
Extensión 32 p. :
Otras características físicas il.col. ;
Dimensiones 21 cm.
700 1# - ENTRADA AGREGADA--NOMBRE PERSONAL
Nombre de persona Romero Ribón, Alejandro.
9 (RLIN) 153802
852 ## - LOCALIZACIÓN
Ubicación ES-MaACL
Número de control de estantería 2319-F-20
Existencias
Estatus retirado Estado de pérdida Estado de daño No para préstamo Colección Biblioteca de origen Biblioteca actual Ubicación en estantería Fecha de adquisición Fuente de adquisición Total de préstamos Signatura topográfica completa Código de barras Visto por última vez Precio de reemplazo Tipo de ítem Koha
        Colección de folletos Biblioteca del Ateneo de Madrid Biblioteca del Ateneo de Madrid Depósito folletos 08/11/2013     2319-F-20 1192145 23/02/2023 23/02/2023 Folleto